| 000 | 00811nam a2200229 i 4500 | ||
|---|---|---|---|
| 001 | 28227 | ||
| 003 | ES-MaACL | ||
| 007 | t| | ||
| 008 | 030116s1983 sp ||||1| spa d | ||
| 100 | 1 |
_aBaddeley, Alan D. _924519 |
|
| 245 | 1 | 3 |
_aLa psicología de la memoria / _cAlan D. Baddeley ; versión de María Victoria Sebastián, Tomás del Amo y Elvira García Bajos. |
| 250 | _a[1ª ed.]. | ||
| 260 |
_aMadrid : _bDebate, _c[1983] |
||
| 300 |
_a493 p. : _bil. ; _c23 cm. |
||
| 490 | 1 | _aColección universitaria. Serie de psicología | |
| 700 | 1 |
_aSebastián, María Victoria. _9105008 |
|
| 700 | 1 |
_aAmo, Tomás del. _921280 |
|
| 700 | 1 |
_aGarcía Bajos, Elvira. _954213 |
|
| 830 | 0 |
_aColección universitaria. Serie de psicología _9181172 |
|
| 852 |
_aES-MaACL _jL-4954 _bR.105175 |
||
| 999 |
_c28227 _d28227 |
||